000 00295nam a22001337a 4500
008 181226b xxu||||| |||| 00| 0 eng d
020 _a9780070530188
041 _aeng
080 _a316
100 _a50
101 _aSOC
245 _aModern Sociological Theory
_cRitzer, G
942 _2udc
_cBK
999 _c53801
_d53801